| 000 | 01362cab a2200265 4500 | ||
|---|---|---|---|
| 001 | L131061 | ||
| 008 | 050923n2005 000 0 eng u | ||
| 035 | _a(Sirsi) u131061 | ||
| 041 | 0 | _aeng | |
| 100 | _aHumphreys, Emma | ||
| 245 | _aRedress for breach | ||
| 260 | _c2005 | ||
| 490 |
_aEstates Gazette _v(0537) 17 September 2005, 144-145(2) |
||
| 520 | _aThis "Mainly for students" article provides an overview of forfeiture as a means of protecting landlords' rights and sets out the practical considerations. Examines the preconditions for forfeiture, remedying the breach, waiver, preserving the right to forfeit, the method of forfeiture and applications for relief. A table covers the relevant categories for common breaches and practical considerations and actions waiving right to forfeit are listed. | ||
| 590 | _aIKA270905 | ||
| 650 | _aLAW OF PROPERTY ACT 1925 S146 | ||
| 650 | _aCRIMINAL LAW ACT 1977 | ||
| 650 | _aPROTECTION FROM EVICTION ACT 1977 | ||
| 650 | _aLANDLORD AND TENANT (COVENANTS) ACT 1995 | ||
| 650 | _aCOMMONHOLD AND LEASEHOLD REFORM ACT 2002 | ||
| 650 | _aCOMMON LAW PROCEDURE ACT 1852 S210 | ||
| 650 | _aLEASEHOLD PROPERTY (REPAIRS) ACT 1938 | ||
| 690 | _aPROPERTY-COMMERCIAL PROPERTY-LEASEHOLD COMMERCIAL PROPERTY-COMMERCIAL LANDLORD AND TENANT-BUSINESS TENANCIES-FORFEITURE OF BUSINESS TENANCIES | ||
| 942 | _n0 | ||
| 999 |
_c75933 _d75933 |
||